[Event "4NCL Division 2b"]
[Site "Solihull, ENG"]
[Date "2018.01.13"]
[Round "3.51"]
[White "Pitcher, John"]
[Black "Walker, David J"]
[Result "1/2-1/2"]
[WhiteElo "2231"]
[BlackElo "2284"]
[PlyCount "114"]
[EventDate "2018.01.13"]
[WhiteTeam "Warwickshire Select 1"]
[BlackTeam "North East England"]

1. e4 e6 2. d3 d5 3. Nd2 Nf6 4. Ngf3 Nc6 5. c3 e5 6. Be2 a5 7. O-O Bd6 8. b3
O-O 9. a3 Ne7 10. Re1 c6 11. Bf1 Ng6 12. Bb2 Re8 13. Qc2 Qc7 14. c4 dxe4 15.
Nxe4 Nxe4 16. Rxe4 Bf5 17. c5 Bf8 18. Re3 f6 19. Rae1 Rad8 20. Nd2 Nf4 21. Ne4
Ne6 22. b4 axb4 23. axb4 Bg6 24. h4 b6 25. Rc1 bxc5 26. Nxc5 Bxc5 27. bxc5 Rd5
28. Qd1 Rb8 29. Ba1 Bf7 30. g3 Rxc5 31. Re1 Rxc1 32. Qxc1 Rd8 33. Bg2 Rxd3 34.
Bxc6 Rd8 35. Be4 Qxc1 36. Rxc1 Bg6 37. Bb7 Nd4 38. Rc8 Rxc8 39. Bxc8 Nf3+ 40.
Kf1 Bd3+ 41. Kg2 Be4 42. Be6+ Kf8 43. Kf1 Ke7 44. Bg8 h6 45. Bc3 f5 46. Bc4 g5
47. hxg5 hxg5 48. Be2 Ke6 49. Bxf3 Bxf3 50. Bd2 g4 51. Bc3 Kd5 52. Ke1 Ke4 53.
Ba5 f4 54. Bc7 Kf5 55. Kd2 Bc6 56. Ke2 Bb5+ 57. Ke1 Ke4 1/2-1/2

[Event "4NCL Division 2b"]
[Site "Solihull, ENG"]
[Date "2018.01.13"]
[Round "3.52"]
[White "Wall, Tim P"]
[Black "Stepanyan, Henrik"]
[Result "1/2-1/2"]
[WhiteElo "2236"]
[BlackElo "2282"]
[PlyCount "71"]
[EventDate "2018.01.13"]
[WhiteTeam "North East England"]
[BlackTeam "Warwickshire Select 1"]

1. d4 d5 2. Bg5 c5 3. Nc3 Nc6 4. Nf3 cxd4 5. Nxd4 f6 6. Bc1 e5 7. Nxc6 bxc6 8.
e4 d4 9. Nb1 Be6 10. Nd2 Nh6 11. Bc4 Qd7 12. O-O Nf7 13. c3 Bxc4 14. Nxc4 Be7
15. cxd4 exd4 16. Bf4 O-O 17. Qa4 Rfd8 18. Rad1 c5 19. Qb3 Qe6 20. Rfe1 Bd6 21.
Nxd6 Qxb3 22. axb3 Nxd6 23. e5 Nb7 24. exf6 gxf6 25. Re7 Na5 26. Bc7 Nxb3 27.
Bxd8 Rxd8 28. Rd3 c4 29. Rg3+ Kh8 30. Rgg7 c3 31. Rxh7+ Kg8 32. Reg7+ Kf8 33.
Rxa7 Kg8 34. Rag7+ Kf8 35. Rb7 Kg8 36. Rbg7+ 1/2-1/2

[Event "4NCL Division 2b"]
[Site "Solihull, ENG"]
[Date "2018.01.13"]
[Round "3.53"]
[White "Mason, Donald J"]
[Black "Dunn, Andrew"]
[Result "1/2-1/2"]
[WhiteElo "2200"]
[BlackElo "2237"]
[PlyCount "43"]
[EventDate "2018.01.13"]
[WhiteTeam "Warwickshire Select 1"]
[BlackTeam "North East England"]

1. e4 c6 2. d4 d5 3. e5 Bf5 4. h4 h5 5. Bd3 Bxd3 6. Qxd3 e6 7. Bg5 Be7 8. Nf3
Qb6 9. b3 Qa6 10. c4 Nd7 11. Nbd2 Nb6 12. O-O Rd8 13. Qc3 dxc4 14. bxc4 Bxg5
15. hxg5 Ne7 16. Rfc1 O-O 17. a4 Nd7 18. Ne4 c5 19. Nf6+ Nxf6 20. exf6 cxd4 21.
Nxd4 Nf5 22. Nxf5 1/2-1/2

[Event "4NCL Division 2b"]
[Site "Solihull, ENG"]
[Date "2018.01.13"]
[Round "3.54"]
[White "Moreby, James"]
[Black "Brooks, Phil J"]
[Result "1-0"]
[WhiteElo "2245"]
[BlackElo "2199"]
[PlyCount "79"]
[EventDate "2018.01.13"]
[WhiteTeam "North East England"]
[BlackTeam "Warwickshire Select 1"]

1. c4 e6 2. Nc3 d5 3. d4 c6 4. Nf3 dxc4 5. a4 Bb4 6. e3 b5 7. Bd2 a5 8. axb5
Bxc3 9. Bxc3 cxb5 10. b3 Bb7 11. bxc4 b4 12. Bb2 Nf6 13. Bd3 O-O 14. O-O Nbd7
15. Nd2 Qc7 16. f4 a4 17. Rb1 Rfb8 18. e4 a3 19. Ba1 Bc6 20. e5 Ne8 21. f5 Nf8
22. fxe6 fxe6 23. Qh5 g6 24. Qh3 Ng7 25. Bc2 Qe7 26. Be4 Ra6 27. Qf3 Ba4 28.
Nb3 Nd7 29. c5 Ra7 30. Qe2 Qg5 31. Bd3 Bc6 32. Nd2 Nf5 33. Bc4 Nf8 34. Rb3 Ba4
35. Rh3 Qd8 36. Qg4 Rg7 37. Qf4 Bc6 38. Ne4 Bxe4 39. Qxe4 Ne7 40. Rhf3 1-0

[Event "4NCL Division 2b"]
[Site "Solihull, ENG"]
[Date "2018.01.13"]
[Round "3.55"]
[White "Shephard, Chris C W"]
[Black "Coathup, Roger H"]
[Result "1/2-1/2"]
[WhiteElo "2202"]
[BlackElo "2177"]
[PlyCount "113"]
[EventDate "2018.01.13"]
[WhiteTeam "Warwickshire Select 1"]
[BlackTeam "North East England"]

1. c4 c5 2. Nf3 Nc6 3. Nc3 g6 4. g3 Bg7 5. Bg2 d6 6. O-O e6 7. a3 Nge7 8. Rb1
b6 9. d3 Bb7 10. Bd2 Qd7 11. b4 Rc8 12. bxc5 dxc5 13. Nb5 Nf5 14. a4 O-O 15.
Bc3 Rcd8 16. Bxg7 Kxg7 17. Qd2 Rfe8 18. Rfd1 Qe7 19. Qb2+ Qf6 20. Qxf6+ Kxf6
21. a5 Nxa5 22. Nxa7 Bxf3 23. Bxf3 Nd4 24. Kg2 Re7 25. Nb5 Nxb5 26. Rxb5 Nxc4
27. Rc1 Ne5 28. Rxb6 Nxf3 29. Kxf3 Rc7 30. Rc4 Ke7 31. Rb5 Kd6 32. g4 f6 33.
Ra5 Rdc8 34. Ke4 g5 35. f4 h6 36. Ra6+ Rc6 37. Ra7 R6c7 38. Ra6+ Rc6 39. Ra3
R6c7 40. Kf3 Rc6 41. Ra1 R6c7 42. h4 gxf4 43. Rxf4 Ke7 44. Re1 Rc6 45. Ke3 R6c7
46. Ref1 Rf8 47. Kd2 Rd7 48. Kc3 Rd5 49. Ra4 Rfd8 50. Raf4 Rf8 51. e4 Rd4 52.
R1f3 e5 53. Rf5 c4 54. g5 hxg5 55. hxg5 cxd3 56. gxf6+ Ke6 57. Rxd3 1/2-1/2

[Event "4NCL Division 2b"]
[Site "Solihull, ENG"]
[Date "2018.01.13"]
[Round "3.56"]
[White "Dargan, Paul A G"]
[Black "Hynes, Anthony M"]
[Result "1/2-1/2"]
[WhiteElo "2162"]
[BlackElo "2170"]
[PlyCount "74"]
[EventDate "2018.01.13"]
[WhiteTeam "North East England"]
[BlackTeam "Warwickshire Select 1"]

1. e4 e5 2. Nf3 Nc6 3. Bc4 Bc5 4. c3 Nf6 5. d3 d6 6. Bb3 O-O 7. Bg5 h6 8. Bh4
Qe7 9. Nbd2 Nd8 10. Qe2 Ne6 11. O-O-O Nf4 12. Qf1 c6 13. d4 Bb6 14. dxe5 dxe5
15. Nc4 Bc7 16. Bc2 b5 17. Ne3 g6 18. h3 Kg7 19. g3 N4h5 20. g4 Nf4 21. g5 hxg5
22. Bxg5 Rh8 23. h4 Be6 24. Rg1 Kf8 25. Kb1 Nh3 26. Ng4 Bxg4 27. Rxg4 Nxg5 28.
Rxg5 Kg7 29. Qh3 Rad8 30. Rdg1 Rh5 31. Qg3 Rxg5 32. Qxg5 Rh8 33. Bb3 Rh5 34.
Qe3 Bb6 35. Qe2 Qc5 36. Rg2 Nh7 37. Qd1 Qe7 1/2-1/2

[Event "4NCL Division 2b"]
[Site "Solihull, ENG"]
[Date "2018.01.13"]
[Round "3.57"]
[White "Baruch, Andrew J D"]
[Black "Turner, Max N"]
[Result "1-0"]
[WhiteElo "2089"]
[BlackElo "2177"]
[PlyCount "67"]
[EventDate "2018.01.13"]
[WhiteTeam "Warwickshire Select 1"]
[BlackTeam "North East England"]

1. g3 d5 2. c4 c6 3. Bg2 Nf6 4. Nf3 e6 5. b3 Nbd7 6. O-O Be7 7. Bb2 O-O 8. d3
b6 9. e3 Bb7 10. Qe2 a6 11. Nbd2 c5 12. Rac1 Ne8 13. cxd5 exd5 14. e4 Nc7 15.
d4 dxe4 16. Nxe4 f5 17. Ned2 Bf6 18. Ne5 Bxg2 19. Kxg2 Kh8 20. Ndf3 Nb5 21. Qc4
Bxe5 22. dxe5 Qe7 23. Rfe1 Rad8 24. Rcd1 Nb8 25. a4 Nc7 26. Rxd8 Rxd8 27. e6
Nc6 28. Ne5 Nxe5 29. Rxe5 Rf8 30. a5 Re8 31. axb6 Nxe6 32. Qd5 Qf7 33. b7 Qg6
34. Rxe6 1-0

[Event "4NCL Division 2b"]
[Site "Solihull, ENG"]
[Date "2018.01.13"]
[Round "3.58"]
[White "Smith, Lynda"]
[Black "Phillips, David"]
[Result "1/2-1/2"]
[WhiteElo "1967"]
[BlackElo "1778"]
[PlyCount "40"]
[EventDate "2018.01.13"]
[WhiteTeam "North East England"]
[BlackTeam "Warwickshire Select 1"]

1. e4 b6 2. Nf3 Bb7 3. d3 e6 4. g3 d6 5. Bg2 Nf6 6. h3 Nbd7 7. Be3 Be7 8. O-O
O-O 9. Nc3 a5 10. Nh2 d5 11. exd5 Nxd5 12. Nxd5 Bxd5 13. Ng4 Bxg2 14. Kxg2 Nf6
15. Nxf6+ Bxf6 16. d4 Qd7 17. c3 Rfd8 18. Qe2 a4 19. Bf4 Ra5 20. Qc4 c5 1/2-1/2

[Event "4NCL Division 2b"]
[Site "Solihull, ENG"]
[Date "2018.01.13"]
[Round "3.61"]
[White "Player, Edmund C"]
[Black "Redmond, John P"]
[Result "0-1"]
[WhiteElo "2252"]
[BlackElo "2170"]
[PlyCount "72"]
[EventDate "2018.01.13"]
[WhiteTeam "Anglian Avengers 1"]
[BlackTeam "West is Best 2"]

1. e4 e6 2. Qe2 c5 3. g3 Nc6 4. Bg2 g6 5. c3 Bg7 6. f4 Nge7 7. Nf3 d6 8. O-O
O-O 9. Na3 e5 10. d3 h6 11. Be3 exf4 12. Bxf4 Be6 13. Nc2 d5 14. Be3 d4 15.
cxd4 cxd4 16. Bf2 Qd7 17. Qd2 g5 18. b4 a6 19. Rfc1 Ng6 20. a4 g4 21. b5 axb5
22. axb5 Rxa1 23. Rxa1 gxf3 24. bxc6 bxc6 25. Bxf3 Ne5 26. Be2 c5 27. Ne1 c4
28. dxc4 Bxc4 29. Rd1 d3 30. Bf1 Rd8 31. Rb1 Ng4 32. Bb6 Bd4+ 33. Kh1 Nf2+ 34.
Kg2 Qh3+ 35. Kg1 Nxe4+ 36. Bxd4 Qxf1+ 0-1

[Event "4NCL Division 2b"]
[Site "Solihull, ENG"]
[Date "2018.01.13"]
[Round "3.62"]
[White "Jones, Steven A"]
[Black "Lewis, Andrew P"]
[Result "1/2-1/2"]
[WhiteElo "2171"]
[BlackElo "2272"]
[PlyCount "61"]
[EventDate "2018.01.13"]
[WhiteTeam "West is Best 2"]
[BlackTeam "Anglian Avengers 1"]

1. d4 Nf6 2. c4 g6 3. Nc3 Bg7 4. e4 d6 5. Nf3 O-O 6. Be2 e5 7. O-O Nbd7 8. Re1
c6 9. Bf1 a5 10. Rb1 Re8 11. b3 exd4 12. Nxd4 Nc5 13. f3 Nh5 14. Be3 f5 15.
exf5 gxf5 16. Qd2 Rxe3 17. Qxe3 Bd7 18. Rbd1 Qb6 19. Kh1 Re8 20. Qg5 Rxe1 21.
Rxe1 Ne4 22. Nxe4 Qxd4 23. Qd8+ Bf8 24. Qxd7 fxe4 25. Qg4+ Ng7 26. Qxe4 Qf2 27.
Bd3 h5 28. Qe2 Qd4 29. Qe3 Qb2 30. Qh6 Be7 31. Bg6 1/2-1/2

[Event "4NCL Division 2b"]
[Site "Solihull, ENG"]
[Date "2018.01.13"]
[Round "3.63"]
[White "Plueg, Andreas"]
[Black "Edgell, Ben P"]
[Result "1-0"]
[WhiteElo "2285"]
[BlackElo "2156"]
[PlyCount "101"]
[EventDate "2018.01.13"]
[WhiteTeam "Anglian Avengers 1"]
[BlackTeam "West is Best 2"]

1. c4 Nf6 2. Nc3 c5 3. g3 g6 4. Bg2 Bg7 5. e3 O-O 6. Nge2 d6 7. O-O Nc6 8. d4
cxd4 9. exd4 Bf5 10. Bg5 h6 11. Be3 e5 12. h3 a6 13. Qd2 Kh7 14. Rac1 Rb8 15.
Kh2 Re8 16. Rfd1 e4 17. Na4 Bd7 18. b3 b5 19. Nac3 bxc4 20. bxc4 Na5 21. Nb1
Nc6 22. Na3 Nb4 23. Rb1 a5 24. Nb5 Bf8 25. a3 Nc6 26. Bf4 Bf5 27. Be3 d5 28. c5
g5 29. Rb2 a4 30. Rdb1 Na5 31. Rb4 Nc4 32. Qc1 Bd7 33. Nbc3 Rxb4 34. Rxb4 Qa8
35. Nxd5 Nxd5 36. Rxc4 Bb5 37. Rc2 Bd3 38. Rb2 f5 39. Nc3 Bg7 40. Nxd5 Qxd5 41.
Qc3 Qf7 42. f4 gxf4 43. Bxf4 Rd8 44. Rb4 Qa7 45. c6 Bxd4 46. Rxd4 Qxd4 47. c7
Qxc3 48. cxd8=Q Qxa3 49. Qd7+ Kg6 50. Qe6+ Kg7 51. Be5+ 1-0

[Event "4NCL Division 2b"]
[Site "Solihull, ENG"]
[Date "2018.01.13"]
[Round "3.64"]
[White "Bullen, Alex"]
[Black "Oyama, Akito"]
[Result "0-1"]
[WhiteElo "2148"]
[BlackElo "2245"]
[PlyCount "78"]
[EventDate "2018.01.13"]
[WhiteTeam "West is Best 2"]
[BlackTeam "Anglian Avengers 1"]

1. d4 e6 2. Bf4 f5 3. e3 Nf6 4. Nf3 Be7 5. h3 O-O 6. Nbd2 d6 7. Be2 Qe8 8. O-O
Bd8 9. c4 Nc6 10. Qc2 e5 11. dxe5 dxe5 12. Bh2 e4 13. Nd4 Nxd4 14. exd4 c6 15.
Qb3 Kh8 16. d5 cxd5 17. cxd5 Bb6 18. Nc4 Bc5 19. Rac1 b6 20. Bd6 Bxd6 21. Nxd6
Qd7 22. Nb5 Ba6 23. Rc7 Qxd5 24. Qg3 Ne8 25. Nc3 Qa5 26. Rd7 Bxe2 27. Nxe2 Qb5
28. Rd2 Nf6 29. Rfd1 Rae8 30. Qc7 Qe5 31. Qxa7 e3 32. fxe3 Qxe3+ 33. Kh2 f4 34.
Nd4 Qg3+ 35. Kg1 Re1+ 36. Rxe1 Qxe1+ 37. Kh2 Qxd2 38. Nf5 Rg8 39. Ne7 f3 0-1

[Event "4NCL Division 2b"]
[Site "Solihull, ENG"]
[Date "2018.01.13"]
[Round "3.65"]
[White "Moore, Graham J"]
[Black "Taylor, William J"]
[Result "0-1"]
[WhiteElo "2198"]
[BlackElo "2062"]
[PlyCount "70"]
[EventDate "2018.01.13"]
[WhiteTeam "Anglian Avengers 1"]
[BlackTeam "West is Best 2"]

1. e4 e5 2. f4 exf4 3. Bc4 Qh4+ 4. Kf1 d6 5. d4 Be6 6. Qd3 Nd7 7. Nf3 Qh6 8.
Nc3 c6 9. Bb3 Ngf6 10. Ne2 Nh5 11. Kg1 d5 12. exd5 cxd5 13. Qb5 Bd6 14. Bxd5 a6
15. Qb3 O-O 16. Ng3 Nc5 17. Qb6 Bxd5 18. dxc5 Bxf3 19. cxd6 Qe6 20. gxf3 Nxg3
21. hxg3 Qe1+ 22. Kg2 Qxg3+ 23. Kf1 Qxf3+ 24. Kg1 Qd1+ 25. Kh2 Qe2+ 26. Kg1
Qe1+ 27. Kg2 f3+ 28. Kxf3 Qxh1+ 29. Ke2 Rfe8+ 30. Kd3 Qf1+ 31. Kc3 Rac8+ 32.
Kb3 Re4 33. Qa5 Qf3+ 34. c3 Qd1+ 35. Ka3 b5 0-1

[Event "4NCL Division 2b"]
[Site "Solihull, ENG"]
[Date "2018.01.13"]
[Round "3.66"]
[White "Davis, Lee"]
[Black "Gallagher, Daniel GH"]
[Result "0-1"]
[WhiteElo "2061"]
[BlackElo "2224"]
[PlyCount "52"]
[EventDate "2018.01.13"]
[WhiteTeam "West is Best 2"]
[BlackTeam "Anglian Avengers 1"]

1. d4 Nf6 2. g3 c5 3. Nf3 cxd4 4. Nxd4 d5 5. Bg2 e5 6. Nb3 Be7 7. O-O O-O 8.
Bg5 Nbd7 9. Nc3 d4 10. Bxf6 Nxf6 11. Ne4 Nxe4 12. Bxe4 f5 13. Bg2 a5 14. a4 Bf6
15. c3 dxc3 16. Bd5+ Kh8 17. bxc3 Ra6 18. c4 Qe8 19. Ra2 e4 20. Nd4 f4 21. Nb5
Bd8 22. Qd4 Bf5 23. Bxb7 Rh6 24. Nd6 Qh5 25. h4 Bxh4 26. Nxf5 Bf6 0-1

[Event "4NCL Division 2b"]
[Site "Solihull, ENG"]
[Date "2018.01.13"]
[Round "3.67"]
[White "Talsma, Paul"]
[Black "Humphreys, Jerry G"]
[Result "1-0"]
[WhiteElo "2192"]
[BlackElo "1967"]
[PlyCount "63"]
[EventDate "2018.01.13"]
[WhiteTeam "Anglian Avengers 1"]
[BlackTeam "West is Best 2"]

1. d4 Nf6 2. c4 g6 3. Nc3 d5 4. Nf3 Bg7 5. Qa4+ c6 6. cxd5 Nxd5 7. e4 Nxc3 8.
bxc3 O-O 9. Be3 Nd7 10. Be2 c5 11. Rc1 cxd4 12. cxd4 Nb6 13. Qb4 Bd7 14. O-O
Re8 15. Rfd1 e6 16. Bg5 f6 17. Bf4 Bf8 18. Qa5 Bc6 19. Bb5 Qd7 20. Bxc6 bxc6
21. Qc3 Rac8 22. Qb3 Red8 23. a4 Bd6 24. Bxd6 Qxd6 25. a5 Nd7 26. e5 Qe7 27.
Qb7 Kf7 28. Qxa7 Ra8 29. Qb7 Rxa5 30. exf6 Nxf6 31. Qxe7+ Kxe7 32. Ne5 1-0

[Event "4NCL Division 2b"]
[Site "Solihull, ENG"]
[Date "2018.01.13"]
[Round "3.68"]
[White "Howell, Oliver W"]
[Black "Gregory, Stephen J"]
[Result "0-1"]
[WhiteElo "1907"]
[BlackElo "2140"]
[PlyCount "56"]
[EventDate "2018.01.13"]
[WhiteTeam "West is Best 2"]
[BlackTeam "Anglian Avengers 1"]

1. c4 Nf6 2. g3 d6 3. Bg2 e5 4. Nc3 g6 5. e3 Bg7 6. Nge2 O-O 7. O-O Nbd7 8. d3
Re8 9. Rb1 a5 10. a3 Nf8 11. b4 axb4 12. axb4 h5 13. Bb2 h4 14. Ra1 Rxa1 15.
Qxa1 e4 16. d4 N8h7 17. Nf4 Ng5 18. Qa5 Bf5 19. Ncd5 b6 20. Nxf6+ Bxf6 21. Qa2
Nf3+ 22. Kh1 Qd7 23. Bc3 c6 24. Ra1 hxg3 25. fxg3 Kg7 26. Qa7 Qxa7 27. Rxa7 Rh8
28. Bxf3 exf3 0-1

[Event "4NCL Division 2b"]
[Site "Solihull, ENG"]
[Date "2018.01.13"]
[Round "3.71"]
[White "Hand, Freddie"]
[Black "Polaczek, Richard"]
[Result "1/2-1/2"]
[WhiteElo "2183"]
[BlackElo "2402"]
[PlyCount "52"]
[EventDate "2018.01.13"]
[WhiteTeam "KJCA Kings"]
[BlackTeam "Manchester Manticores 1"]

1. d4 Nf6 2. c4 e6 3. Nc3 d5 4. cxd5 exd5 5. Bg5 c6 6. Qc2 Na6 7. e3 Nb4 8. Qb1
g6 9. Qd1 a5 10. a3 Na6 11. Bd3 Be7 12. Nge2 Nc7 13. O-O Ne6 14. Bh4 Nh5 15.
Bxe7 Qxe7 16. f3 O-O 17. Qd2 Rd8 18. Rad1 b5 19. Bc2 b4 20. axb4 axb4 21. Na4
Ba6 22. Rfe1 Bb5 23. b3 Nf6 24. Rb1 Rdb8 25. Nc1 Nd7 26. Na2 Ba6 1/2-1/2

[Event "4NCL Division 2b"]
[Site "Solihull, ENG"]
[Date "2018.01.13"]
[Round "3.72"]
[White "Macklin, Paul"]
[Black "Bansal, Rohan"]
[Result "1/2-1/2"]
[WhiteElo "2365"]
[BlackElo "2007"]
[PlyCount "39"]
[EventDate "2018.01.13"]
[WhiteTeam "Manchester Manticores 1"]
[BlackTeam "KJCA Kings"]

1. e4 e6 2. d4 d5 3. Nd2 Nf6 4. Bd3 c5 5. c3 dxe4 6. Nxe4 Nxe4 7. Bxe4 cxd4 8.
cxd4 Nd7 9. Ne2 Nf6 10. Bf3 Bd6 11. O-O O-O 12. Nc3 Bd7 13. Bg5 Be7 14. Qd2 Bc6
15. Bxc6 bxc6 16. Rac1 Nd5 17. Bxe7 Nxe7 18. Rfd1 Qd7 19. Na4 Rfd8 20. Nc5
1/2-1/2

[Event "4NCL Division 2b"]
[Site "Solihull, ENG"]
[Date "2018.01.13"]
[Round "3.73"]
[White "Verma, Aditya"]
[Black "Thestrup, Sixten"]
[Result "0-1"]
[WhiteElo "2047"]
[BlackElo "2297"]
[PlyCount "96"]
[EventDate "2018.01.13"]
[WhiteTeam "KJCA Kings"]
[BlackTeam "Manchester Manticores 1"]

1. e4 d6 2. d4 Nf6 3. Nc3 c6 4. Nf3 Bg4 5. Be2 Nbd7 6. a4 e5 7. Be3 Be7 8. h3
Bh5 9. O-O Bg6 10. Nd2 O-O 11. Bd3 d5 12. Qf3 dxe4 13. Ndxe4 Nxe4 14. Nxe4 f5
15. Nc3 Kh8 16. dxe5 Nxe5 17. Qf4 Nxd3 18. cxd3 Bd6 19. Qf3 Qh4 20. g3 Qxh3 21.
Bf4 Bh5 22. Qg2 Qxg2+ 23. Kxg2 Bxf4 24. gxf4 Rad8 25. Rh1 Bf7 26. Rh3 Rfe8 27.
Rd1 Kg8 28. d4 Bc4 29. Re3 Kf7 30. Kg3 Bb3 31. Rd2 Rd6 32. Rde2 Rde6 33. Re5
Kf6 34. R2e3 Bc4 35. Nb1 Rd8 36. Nd2 Bd5 37. Nf3 h6 38. Ne1 g5 39. fxg5+ hxg5
40. f4 Rg8 41. Rxe6+ Bxe6 42. Re5 gxf4+ 43. Kxf4 Rg4+ 44. Ke3 Rg3+ 45. Kf4 Rb3
46. Nc2 Rd3 47. Re2 Rb3 48. Ne3 Bd5 0-1

[Event "4NCL Division 2b"]
[Site "Solihull, ENG"]
[Date "2018.01.13"]
[Round "3.74"]
[White "Jaunooby, Ali R"]
[Black "Young, Daniel J"]
[Result "1-0"]
[WhiteElo "2200"]
[BlackElo "2008"]
[PlyCount "75"]
[EventDate "2018.01.13"]
[WhiteTeam "Manchester Manticores 1"]
[BlackTeam "KJCA Kings"]

1. d4 d5 2. Bf4 c5 3. e3 Nf6 4. c3 Nc6 5. Nd2 cxd4 6. exd4 g6 7. Bd3 Bg7 8. h3
O-O 9. Ngf3 Nh5 10. Bh2 f5 11. O-O f4 12. Qb3 Kh8 13. Rae1 Qd6 14. Re2 Ng3 15.
fxg3 fxg3 16. Bxg3 Qxg3 17. Qxd5 Bxh3 18. Ne4 Qg4 19. Neg5 Qd7 20. Nf7+ Rxf7
21. Qxf7 Rf8 22. Qc4 Bg4 23. Be4 Nd8 24. Ref2 Bxf3 25. Rxf3 Rxf3 26. Rxf3 Ne6
27. Qd5 Qxd5 28. Bxd5 Nd8 29. g4 h6 30. g5 Kh7 31. Rh3 b6 32. Kg2 e6 33. Bc4
Nf7 34. gxh6 Bxh6 35. Bxe6 Ng5 36. Re3 Kg7 37. Bd5 Kf6 38. Re8 1-0

[Event "4NCL Division 2b"]
[Site "Solihull, ENG"]
[Date "2018.01.13"]
[Round "3.75"]
[White "Anilkumar, Anantha P"]
[Black "Lentzos, Ioanis"]
[Result "0-1"]
[WhiteElo "1850"]
[BlackElo "2140"]
[PlyCount "100"]
[EventDate "2018.01.13"]
[WhiteTeam "KJCA Kings"]
[BlackTeam "Manchester Manticores 1"]

1. d4 Nf6 2. c4 e6 3. Nc3 Bb4 4. Nf3 c5 5. g3 d5 6. Bg2 Nc6 7. O-O dxc4 8. dxc5
Qxd1 9. Rxd1 Bxc5 10. Bg5 h6 11. Bxf6 gxf6 12. Ne4 Be7 13. Rac1 Na5 14. Ned2 b5
15. Nd4 Rb8 16. a4 a6 17. axb5 axb5 18. Ra1 Bb4 19. Ne4 Bb7 20. Nc2 Bxe4 21.
Bxe4 Nb3 22. Bc6+ Kf8 23. Nxb4 Nxa1 24. Rxa1 Kg7 25. b3 Rhc8 26. Rc1 Rb6 27.
bxc4 Rbxc6 28. Nxc6 Rxc6 29. c5 f5 30. f4 Kf6 31. Kf2 e5 32. Kf3 Ke6 33. e4
fxe4+ 34. Kxe4 f5+ 35. Ke3 exf4+ 36. Kxf4 Kd5 37. Kxf5 Rxc5 38. Rb1 Kc4+ 39.
Ke4 Rh5 40. h4 b4 41. Rc1+ Kb3 42. Rc8 Ka2 43. Ra8+ Kb2 44. Rb8 b3 45. Kd3 Ka2
46. Kc4 b2 47. Ra8+ Kb1 48. Rf8 Ra5 49. Kb3 Re5 50. Kc3 Re3+ 0-1

[Event "4NCL Division 2b"]
[Site "Solihull, ENG"]
[Date "2018.01.13"]
[Round "3.76"]
[White "Jayawarna, Nugith"]
[Black "Ng, Chung Lok Andrew"]
[Result "1-0"]
[WhiteElo "2170"]
[BlackElo "1847"]
[PlyCount "95"]
[EventDate "2018.01.13"]
[WhiteTeam "Manchester Manticores 1"]
[BlackTeam "KJCA Kings"]

1. c4 e5 2. g3 Nf6 3. Bg2 c6 4. d4 exd4 5. Qxd4 Na6 6. Nf3 Bc5 7. Qd1 d5 8. O-O
O-O 9. Nc3 dxc4 10. Bg5 Qxd1 11. Rfxd1 Be7 12. Rac1 h6 13. Bf4 Nc5 14. Nb1 Nfe4
15. Nbd2 c3 16. bxc3 Rd8 17. Nxe4 Rxd1+ 18. Rxd1 Nxe4 19. c4 Nc3 20. Rd2 Be6
21. Rc2 Rd8 22. Rxc3 Rd1+ 23. Bf1 Bb4 24. Rc1 Rxc1 25. Bxc1 Bxc4 26. a3 Bc3 27.
e4 Bb3 28. Be3 Bb2 29. Bxa7 Bxa3 30. Nd4 Ba4 31. Bc4 Bb2 32. Bb6 Kf8 33. Kf1
Ke8 34. Ke2 f6 35. Nf5 g6 36. Nd6+ Kd7 37. Nxb7 Bb5 38. Nc5+ Kd6 39. Bxb5 cxb5
40. Nd3 Bc3 41. Kd1 Kc6 42. Kc2 Ba1 43. Be3 g5 44. Nb2 Kd6 45. Bd4 Ke6 46. Kb1
Bxb2 47. Kxb2 g4 48. Kc3 1-0

[Event "4NCL Division 2b"]
[Site "Solihull, ENG"]
[Date "2018.01.13"]
[Round "3.77"]
[White "Tombolis, Christopher"]
[Black "Peacock, Malcolm R"]
[Result "0-1"]
[WhiteElo "1839"]
[BlackElo "2117"]
[PlyCount "136"]
[EventDate "2018.01.13"]
[WhiteTeam "KJCA Kings"]
[BlackTeam "Manchester Manticores 1"]

1. d4 Nf6 2. c4 c5 3. d5 e5 4. Nc3 d6 5. e4 Be7 6. Be2 Nbd7 7. f4 exf4 8. Bxf4
Ne5 9. Nf3 Nfd7 10. O-O Bf6 11. Nb5 Nxf3+ 12. gxf3 Ne5 13. Bxe5 Bxe5 14. f4
Bxb2 15. Rb1 Bf6 16. Bg4 Bxg4 17. Qxg4 O-O 18. Rbe1 a6 19. Na3 Qc7 20. Nc2 Rfe8
21. Rf3 b5 22. Rh3 g6 23. f5 Qe7 24. Rf3 Rf8 25. Ne3 Kh8 26. Kh1 Rae8 27. Ng2
Qe5 28. fxg6 fxg6 29. Nf4 Qg5 30. Qh3 Qh4 31. Qxh4 Bxh4 32. Ref1 bxc4 33. Ne6
Rxf3 34. Rxf3 Kg8 35. Rc3 Rb8 36. Rxc4 Rb4 37. Rxb4 cxb4 38. Nc7 a5 39. Nb5 Be7
40. Nd4 a4 41. Kg2 Bf6 42. Nc2 b3 43. axb3 axb3 44. Na3 Kg7 45. Kf3 Be5 46. h3
Kf6 47. Nc4 b2 48. Nd2 Kg5 49. Nb1 Kh4 50. Kg2 Bd4 51. Na3 g5 52. Nb1 g4 53.
Kh2 gxh3 54. Nd2 Kg4 55. Nb1 Be5+ 56. Kh1 Kf3 57. Kg1 Kxe4 58. Nd2+ Kd3 59. Nb1
Kc2 60. Na3+ Kb3 61. Nb1 Bg3 62. Kh1 Be1 63. Kg1 Ka2 64. Kf1 Kxb1 65. Kg1 Bg3
66. Kf1 Kc2 67. Ke2 b1=Q 68. Ke3 Qb3+ 0-1

[Event "4NCL Division 2b"]
[Site "Solihull, ENG"]
[Date "2018.01.13"]
[Round "3.78"]
[White "Kay, Lee P"]
[Black "Metcalfe, Charlie P"]
[Result "1-0"]
[WhiteElo "2087"]
[BlackElo "1700"]
[PlyCount "59"]
[EventDate "2018.01.13"]
[WhiteTeam "Manchester Manticores 1"]
[BlackTeam "KJCA Kings"]

1. e4 e6 2. d4 d5 3. e5 c5 4. c3 Nc6 5. Nf3 Qb6 6. Bd3 cxd4 7. cxd4 Bd7 8. O-O
Nxd4 9. Nbd2 Bc5 10. Nxd4 Bxd4 11. Qe2 Ne7 12. Nf3 Ng6 13. h4 Rc8 14. Rd1 Bc5
15. h5 Ne7 16. b4 Bxb4 17. Rb1 Qa5 18. Nd4 Nc6 19. Qg4 Kf8 20. Nxc6 Bxc6 21.
Qxb4+ Qxb4 22. Rxb4 Ke7 23. Ba3 Kd7 24. Bb5 Bxb5 25. Rxb5 b6 26. Rb3 Rc4 27.
Rf3 Ke8 28. Rc1 b5 29. Rxc4 dxc4 30. Bb4 1-0

[Event "4NCL Division 2b"]
[Site "Solihull, ENG"]
[Date "2018.01.13"]
[Round "3.81"]
[White "Clark, Kevin R"]
[Black "Golding, Alex"]
[Result "1/2-1/2"]
[WhiteElo "2139"]
[BlackElo "2222"]
[PlyCount "135"]
[EventDate "2018.01.13"]
[WhiteTeam "Poisoned Pawns 1"]
[BlackTeam "Guildford 3"]

1. e4 e6 2. d4 d5 3. Nd2 dxe4 4. Nxe4 Bd7 5. Nf3 Bc6 6. Bd3 Nd7 7. O-O Ngf6 8.
Nc3 Bd6 9. Nb5 Bxb5 10. Bxb5 O-O 11. Bg5 c6 12. Bd3 h6 13. Bh4 Qb6 14. Qd2 c5
15. c3 cxd4 16. Nxd4 Bc5 17. Nf3 Rfd8 18. Rad1 Be7 19. Qe2 Nd5 20. Bxe7 Nxe7
21. Nd4 Nf6 22. Rd2 a6 23. Rfd1 Ned5 24. g3 Qc7 25. Nf3 b5 26. a3 Nb6 27. Qe5
Qe7 28. Nd4 Rd5 29. Qe2 Qd7 30. Qe3 Rb8 31. Nf3 Qd6 32. Bf1 Nc4 33. Bxc4 bxc4
34. Qe2 Rxb2 35. Rxd5 Qxd5 36. Rxd5 Rxe2 37. Rd8+ Kh7 38. Rc8 Ra2 39. Rxc4 Rxa3
40. Ne5 Nd5 41. Nxf7 Rxc3 42. Ra4 Nc7 43. Ne5 Rc5 44. Nd7 Rb5 45. Re4 Nd5 46.
Nf8+ Kg8 47. Nxe6 Kf7 48. Nc7 Rb1+ 49. Kg2 Nb4 50. Rf4+ Kg8 51. Ne6 g5 52. Rf8+
Kh7 53. h4 gxh4 54. gxh4 Re1 55. Re8 Nd3 56. Kf3 Re5 57. Kg3 Kg6 58. Nf4+ Kf7
59. Ra8 Nxf4 60. Kxf4 Ra5 61. h5 Ke6 62. Rg8 Rf5+ 63. Ke4 Rxf2 64. Ra8 Ra2 65.
Rh8 Ra4+ 66. Kd3 Kf5 67. Rxh6 Kg5 68. Rh8 1/2-1/2